000 00456nam a2200169Ia 4500
008 230917s9999||||xx |||||||||||||| ||und||
020 _cRS500
040 _e224536
_aMAIN
041 _aEnglish
082 _a791.430954 C 459 R
100 _aChowksey, Jayprakash
245 0 _aRaj kapoor: srijan prakriya.
260 _aNew Delhi
_bRajkamal Prakashan
_c2010
300 _a167 p.
500 _a1929 05/02/2015 RP7637 19/02/2015 Main Budget
942 _cBK
999 _c14399
_d14399